| 000 | 00721nam a2200205 a 4500 | ||
|---|---|---|---|
| 005 | 20210219160351.0 | ||
| 008 | 081022s2000 mx r 000 0 spa d | ||
| 035 | _aUPN01000164036 | ||
| 049 | _aUNE | ||
| 080 | _aOC 327 (083.85) =20 "1969" VIN. | ||
| 100 | 1 | _aVincent Ph. D., Jack E. | |
| 245 | 1 | 0 | _aA Handbook of international relations : a guide to terms, theory and practice/ by Jack E. Vincent Ph. D. |
| 260 | _aNew York : Barron's Educational Series, Inc., 1969. | ||
| 300 | _avii, 456 p. | ||
| 500 | _aIncluye bibliografía | ||
| 690 | _aGuias- Relaciones internacionales | ||
| 690 | _aRelaciones internacionales- Guias | ||
| 690 | _aTerminos especificos- Relaciones internacionales | ||
| 905 | _aUNESCO | ||
| 999 |
_c136149 _d136149 |
||